Adsorption and catalysis by solids (Record no. 163362)

MARC details
000 -LEADER
fixed length control field 00536nam a2200205Ia 4500
003 - CONTROL NUMBER IDENTIFIER
control field OSt
005 - DATE AND TIME OF LATEST TRANSACTION
control field 20260108183735.0
008 - FIXED-LENGTH DATA ELEMENTS--GENERAL INFORMATION
fixed length control field 210423s2003 xx 000 0 und d
020 ## - INTERNATIONAL STANDARD BOOK NUMBER
International Standard Book Number 8122402968
040 ## - CATALOGING SOURCE
Transcribing agency AL
041 ## - LANGUAGE CODE
Language code of text/sound track or separate title English
082 ## - DEWEY DECIMAL CLASSIFICATION NUMBER
Classification number 541.395
Item number CHAA
100 ## - MAIN ENTRY--PERSONAL NAME
Personal name Chakrabarty D K
9 (RLIN) 98733
245 ## - TITLE STATEMENT
Title Adsorption and catalysis by solids
260 ## - PUBLICATION, DISTRIBUTION, ETC.
Place of publication, distribution, etc. New Delhi
Name of publisher, distributor, etc. New Age International
Date of publication, distribution, etc. 2003
300 ## - PHYSICAL DESCRIPTION
Extent 196P
Other physical details PB
Dimensions 21.5x14cm.
365 ## - TRADE PRICE
Price amount 185
Currency code INR
906 ## - LOCAL DATA ELEMENT F, LDF (RLIN)
a Adsorption ; catalysis ; solids.
942 ## - ADDED ENTRY ELEMENTS (KOHA)
Source of classification or shelving scheme Dewey Decimal Classification
Koha item type Book
Holdings
Withdrawn status Lost status Source of classification or shelving scheme Damaged status Not for loan Collection code Home library Current library Date acquired Source of acquisition Cost, normal purchase price Total Checkouts Full call number Barcode Date last seen Price effective from Koha item type
    Dewey Decimal Classification     Bio Technology St Aloysius PG Library St Aloysius PG Library 10/25/2006 Sita Book House 185.00   541.395 CHAA PG009857 08/24/2022 04/26/2021 Book